000 00612cam a2200205 4500500
005 20260405001825.0
041 _afre
042 _adc
100 1 0 _aNathan, Tobie
_eauthor
245 0 0 _aCitroën C4 Cactus (2014) / La réinvention de la peau
260 _c2014.
500 _a98
690 _aAnimal
690 _aBiomorphisme
690 _aCitroën
690 _aTobie Nathan
690 _aVoiture
786 0 _nPhilosophie magazine | 83 | 10 | 2014-10-01 | p. 13-13 | 1951-1787
856 4 1 _uhttps://shs.cairn.info/magazine-philosophie-magazine-2014-10-page-13?lang=fr&redirect-ssocas=7080
999 _c2051446
_d2051446